Quizzes
Events
Quiz Creation
Community
Videos
Private Events
Remove Ads
Sign In
Join for FREE
Feedback
Dark Mode
Quiz Categories
Sports
Geography
Music
Movies
Television
Just For Fun
Miscellaneous
History
Literature
Language
Science
Gaming
Entertainment
Religion
Holiday
For Kids
Quiz Lab
Recent
Popular Today
Quiz Kudos Today
Editor Picks
Curator Picks
Quizzes by...
Day
Popularity
Type
Ratings
Length
Year
Community
Subscriptions
Recent Discussions
Orange Saloon
Badges
Playlists
Quests
Create
Leaderboards
Showdown
Live 5
Trivia Bingo
Activity
Puzzle Library
Sporcle Events
Private Events
Virtual Trivia
Globe League
Become a Host
Pub Owners
SporcleCon
Opinionation
Our Games
Videos
Blog
Mobile Apps
Partnerships
Remove Ads and Go Orange
Feedback
Music
Pop Music
The Beatles
Song
Album
Lyrics
Bands
Singers
Artist
Clip
Rock
Rap
Classical
Billboard
Country Music
Kpop
Taylor Swift
Music
Pop Music
The Beatles
Song
Album
Lyrics
Bands
Singers
Artist
Clip
Rock
Rap
Classical
Billboard
Country Music
Kpop
Taylor Swift
Random Quiz
Search Sporcle
×
Quiz Lab
Quiz Lab
Music
Song
Type in answers that appear in a list
Type in answers that appear in a list
Classic
Best Score? Go Orange.
Kodaline Discography Stats
Can you name all of Kodaline's songs?
By
matt_turner
8m
46 Questions
147 Plays
147 Plays
147 Plays
Comments
Comments
Give Quiz Kudos
Give Quiz Kudos
-
- Ratings
hide this ad
Replay
Link that replays current quiz
Next Quiz
Link to next quiz in quiz playlist
You Got
0%
They Got
Avg Score
51%
Avg Friend Score
Upgrade to see
Score Distribution
Jump to the score distribution portion of the page
Score
0/46
Timer
08:00
0
Plays Today
Track
Song
% Correct
2
All I Want
92.5%
10
Brother
87.2%
4
High Hopes
87.1%
2
The One
87.1%
8
Ready
81.6%
3
Love Like This
72.1%
8
I Wouldn't Be
71.7%
13
Perfect World
67.3%
1
One Day
65.3%
9
Talk
65.3%
1
Honest
64.6%
12
Temple Bar
64.2%
12
Love Will Set You Free
63.3%
6
Head Held High
63.2%
1
Follow Your Fire
63.1%
2
Ready to Change
61.6%
5
Brand New Day
60.5%
5
Shed a Tear
60.4%
3
Angel
59.4%
-
Wherever You Are
57.9%
11
Hell Froze Over
53.8%
10
Pray
53.7%
3
Autopilot
53.1%
Track
Song
% Correct
6
Coming Alive
53.1%
7
Big Bad World
51%
8
All Comes Down
50.3%
10
Everything Works Out in the End
50.3%
12
The Answer
49.7%
15
Moving On
49.7%
-
Sometimes
49.1%
11
Way Back When
49%
7
Lost
49%
4
Blood and Bones
48.6%
3
The Riddle
47.1%
9
Better
46.9%
4
Worth It
46.7%
4
Human Again
46.3%
14
War
45.6%
2
Hide and Seek
43.4%
7
Born Again
42.5%
6
After The Fall
42.2%
11
Play The Game
42.2%
5
Unclear
40.8%
13
Caught in the Middle
40.8%
9
Don't Come Around
40.6%
14
Lose Your Mind
34%
Quiz Playlist
Details
Report
Send in Message
Add To Playlist
Classic:
Type in answers that appear in a list
Last Updated: Apr 1, 2020
Quiz Scoreboard
CHALLENGE
Sign Up to Join the Scoreboard
Show All
Scores
Hide
Comments
May contain spoilers
Recently Published
College Basketball Coaching Resumes
by pancakes188
Sports
9m
Billboard Blitz: Fleetwood Mac
by CooCooCachoo
Music
15s
Presidents Visiting Landmarks
by Hejman
History
7m
More to Explore
Quiz From the Vault
Featured Blog Post
Where Did the Easter Bunny Come From?
hide this ad
You Might Also Like...
Tags
Bands Quiz
Pop Music Quiz
Song Quiz
Alternative
Alternative Music
Discography
indie
Indie Rock
Irish Music
Irish Rock
Pop Rock
Rock Band
Today's Top Quizzes in Music
Browse Music
hide this ad
Today's Top Quizzes in Song
Browse Song
Top Contributed Quizzes in Music
1
Taylor Swift All Songs (2024)
2
7-to-1: Billboard Hot 100 #1 Hits of 2010s
3
Guess the Artist- 70s Songs
4
Sorting Albums and Songs
5
Taylor Swift Logic Puzzle
6
KPOP LOGIC QUIZ
7
Guess the Taylor Swift song (Mystery Song)
8
2010s Album by Cover III
9
One Thing in Common: Music
10
Guess The Taylor Swift Lyrics Song #1
Explore More
Trending Topics
Harry Potter
Disney
Kpop
Marvel
NBA
Anime
Crossword
NFL
WWE
Puzzle
Pokémon
The Office
Song
Soccer
Country
hide this ad
More By:
matt_turner
Quiz
Plays
Rating
Category
Featured
Created
Avengers: Endgame Trailer 1 Characters
4,601
4.91
Movies
Dec 7, 2018
MCU Character Rainbow
1,550
4.90
Movies
Nov 10, 2020
Star Wars Character Rainbow
1,223
4.86
Movies
Jul 29, 2020
Classic Star Wars Planets
1,053
4.80
Movies
Nov 9, 2017
Blue Star Wars Characters
896
4.33
Movies
Nov 3, 2017
Go to Creator's Profile
Score Distribution
Quiz Creator Spotlight
matt_turner
Follow
Send a Message
Quizzes Created
-
Created Quiz Play Count
-
More By This Creator
Popular Quizzes Today
1
Find the US States - No Outlines Minefield
2
Find the Countries of Europe - No Outlines Minefield
3
The Countries of the World
4
Find the US States
5
Risky Map Clicking: Biggest States A-Z
6
US States
7
Popular People in 1961
8
Movies - When Are They Set?
More Music Quizzes
◦ name the weki meki member
Quiz Lab
Trending Quizzes
Risky Map Clicking: Least Populous States A-Z
1-10 Letter G Words
1-10 Letter F Words
Risky Map Clicking: Next State Alphabetically
Risky Map Clicking: Biggest States A-Z
Recently Updated
Leaping Animals
pecheneg
Reality TV Shows (A-Z)
bhenderson79
Rickey Henderson's Hall of Fame Teammates
pecheneg
Champions League XIs: Arsenal
pecheneg
Quick Pick: Celebrities in WWE's Hall of Fame
aduchscher
A-Z Keypad Blitz II
pecheneg
Multiple Oscar Actors
pecheneg
Mystery Phrase Blitz: Oscar 'Best Actors'
pecheneg
F. Scott Fitzgerald Novels
LTH
Pick 3 Villains
ddd62291
Trending Topics
Marvel
Anime
Disney
NBA
Harry Potter
Kpop
Crossword
Song
Soccer
WWE
NFL
Puzzle
Pokémon
Country
The Office
Your Account Isn't Verified!
In order to create a playlist on Sporcle, you need to verify the email address you used during registration. Go to your
Sporcle Settings
to finish the process.
Report this User
Report this user for behavior that violates our
Community Guidelines
.
Details:
Send Report
Go to the Sporcle.com Mobile Site →
Comments